[Event "Jesenik op-B"]
[Site "Jesenik"]
[Date "2023.08.22"]
[Round "4"]
[White "Smid, Jan"]
[Black "Vrana, Rostislav"]
[Result "0-1"]
[WhiteElo "1903"]
[BlackElo "1632"]
[PlyCount "82"]
[EventDate "2023.08.19"]
[EventType "swiss"]
[EventRounds "9"]
[EventCountry "CZE"]
[SourceTitle "EXT 2024"]
[Source "ChessBase"]
[SourceDate "2023.10.10"]
[SourceVersion "1"]
[SourceVersionDate "2023.10.10"]
[SourceQuality "1"]

1. Nf3 d5 2. d4 Nf6 3. Bf4 c5 4. e3 Nc6 5. c3 cxd4 6. exd4 Bf5 7. Qa4 Qb6 8. b4 e6 9. Na3 Be7 10. Nb5 Rc8 11. Ne5 0-0 12. Qb3 a6 13. Na3 Nxd4 14. Qb2 Nc6 15. Be2 Ne4 16. 0-0 Rfd8 17. g4 Bg6 18. Nf3 Bf6 19. Rac1 Bxc3 20. Rxc3 Nxc3 21. Qxc3 Qxb4 22. Qxb4 Nxb4 23. h4 h6 24. h5 Bh7 25. g5 hxg5 26. Bxg5 f6 27. Bd2 Nxa2 28. h6 gxh6 29. Bxh6 Nc3 30. Re1 Nxe2+ 31. Rxe2 Rc3 32. Re3 Rxe3 33. Bxe3 b5 34. Nd4 Kf7 35. Naxb5 axb5 36. Nxb5 e5 37. f3 d4 38. Bd2 Bd3 39. Nc7 Bc4 40. Kf2 Rc8 41. Ba5 Ke7 0-1

[Event "Jesenik op-B"]
[Site "Jesenik"]
[Date "2023.08.20"]
[Round "2"]
[White "Smid, Jan"]
[Black "Boff, Ondrej"]
[Result "0-1"]
[WhiteElo "1903"]
[BlackElo "1643"]
[PlyCount "88"]
[EventDate "2023.08.19"]
[EventType "swiss"]
[EventRounds "9"]
[EventCountry "CZE"]
[SourceTitle "EXT 2024"]
[Source "ChessBase"]
[SourceDate "2023.10.10"]
[SourceVersion "1"]
[SourceVersionDate "2023.10.10"]
[SourceQuality "1"]

1. d4 Nf6 2. Bg5 e6 3. Nd2 Be7 4. e3 0-0 5. Bd3 b6 6. Bxf6 Bxf6 7. f4 c5 8. c3 d5 9. Qf3 Nc6 10. Ne2 Qc7 11. h4 c4 12. Bc2 b5 13. g4 b4 14. g5 bxc3 15. Bxh7+ Kxh7 16. Qh5+ Kg8 17. gxf6 cxd2+ 18. Kf2 Ne7 19. fxe7 Qxe7 20. Rhg1 Qf6 21. Rad1 Rb8 22. Rxd2 Ba6 23. Rg5 Rb6 24. Ng3 Rfb8 25. b3 cxb3 26. axb3 Rxb3 27. Qd1 Qh6 28. Rh5 Qg6 29. Rg5 Qh6 30. Rh5 Qg6 31. Rg5 Qb1 32. Qxb1 Rxb1 33. Nh5 g6 34. Nf6+ Kg7 35. Nd7 R8b2 36. Rxb2 Rxb2+ 37. Kg1 Re2 38. Rg3 Bb5 39. Ne5 Kf6 40. Rg2 Rxg2+ 41. Kxg2 a5 42. Nf3 a4 43. Nd2 Bd3 44. Kf3 Bc2 0-1

[Event "Stare Mesto op"]
[Site "Stare Mesto"]
[Date "2014.08.10"]
[Round "3"]
[White "Smid, Jan"]
[Black "Vrabec, Milos"]
[Result "0-1"]
[WhiteElo "1950"]
[BlackElo "2181"]
[PlyCount "90"]
[EventDate "2014.08.08"]
[EventType "swiss"]
[EventRounds "10"]
[EventCountry "CZE"]
[SourceTitle "CBM 162 Extra"]
[Source "ChessBase"]
[SourceDate "2014.10.17"]
[SourceVersion "1"]
[SourceVersionDate "2014.10.17"]
[SourceQuality "1"]

1. Nf3 c5 2. c4 Nf6 3. Nc3 Nc6 4. g3 g6 5. Bg2 d6 6. d4 cxd4 7. Nxd4 Bd7 8. e3 Bg7 9. 0-0 0-0 10. b3 Qc8 11. Re1 Bg4 12. Qd2 Bh3 13. Bh1 h5 14. Bb2 h4 15. Nd5 Nxd5 16. Nxc6 Bxb2 17. Qxb2 bxc6 18. cxd5 c5 19. Rac1 Rb8 20. Rc4 hxg3 21. Rh4 gxf2+ 22. Kxf2 f6 23. Rg1 Kg7 24. Be4 Bf5 25. Qc2 Bxe4 26. Qxe4 Qe8 27. Rhg4 g5 28. Ke1 Qg6 29. Qxe7+ Rf7 30. Qxd6 Rb4 31. Rxb4 Qb1+ 32. Kf2 Qxa2+ 33. Kf3 cxb4 34. Qxb4 Qxh2 35. Qg4 Rb7 36. Rg2 Qb8 37. Qe6 Rxb3 38. Qe7+ Kg6 39. Qe4+ Kh6 40. Rg3 Qc8 41. d6 Rb6 42. Kg2 Rb2+ 43. Kf3 Rd2 44. Rg1 Qh3+ 45. Rg3 Qh1+ 0-1

[Event "Stare Mesto op"]
[Site "Stare Mesto"]
[Date "2013.08.15"]
[Round "8"]
[White "Smid, Jan"]
[Black "Shanel, Jaroslav"]
[Result "0-1"]
[WhiteElo "1948"]
[BlackElo "2158"]
[PlyCount "138"]
[EventDate "2013.08.09"]
[EventType "swiss"]
[EventRounds "10"]
[EventCountry "CZE"]
[SourceTitle "CBM 155 Extra"]
[Source "ChessBase"]
[SourceDate "2013.08.26"]
[SourceVersion "1"]
[SourceVersionDate "2013.08.26"]
[SourceQuality "1"]

1. Nf3 Nf6 2. g3 g6 3. Bg2 Bg7 4. 0-0 0-0 5. c4 c5 6. d3 Nc6 7. Nc3 d5 8. cxd5 Nxd5 9. Bd2 Nc7 10. Qc1 Re8 11. Bh6 Bh8 12. h4 Ne6 13. Ng5 Ned4 14. Nge4 Qa5 15. h5 Bf5 16. hxg6 hxg6 17. Qd2 Rad8 18. Qg5 Ne6 19. Qh4 Ne5 20. Be3 Bg7 21. Ng5 Nxg5 22. Bxg5 f6 23. Be3 g5 24. Qa4 Qxa4 25. Nxa4 b6 26. Rac1 Bg4 27. f3 Be6 28. b3 Kf7 29. Kf2 Kg6 30. Nc3 f5 31. Nb5 Rd7 32. Rfd1 a6 33. Nc3 Red8 34. Na4 Rd6 35. Nc3 Nd7 36. f4 Nf6 37. Bf3 g4 38. Bb7 a5 39. Nb5 R6d7 40. Bc6 Nd5 41. Bxd7 Bxd7 42. a4 Bxb5 43. axb5 Nc3 44. Rh1 Nxb5 45. Rh2 Bf6 46. Rch1 Kf7 47. Rh7+ Ke6 48. R7h6 Kd5 49. R6h5 Nd6 50. Rc1 Ke6 51. Ke1 Kf7 52. Kd2 Ne4+ 53. Ke1 Nxg3 54. Rh2 Kg6 55. Bd2 Nh5 56. Rd1 Rd4 57. Bc3 Rxf4 58. Bxf6 Nxf6 59. Kd2 Rb4 60. Kc2 Nd5 61. Rdh1 g3 62. Rh6+ Kg5 63. R6h5+ Kf6 64. Rg1 g2 65. Rh3 Rg4 66. Rf3 Kg5 67. Kd2 f4 68. Rf2 Ne3 69. Rf3 e5 0-1

[Event "Stare Mesto op"]
[Site "Stare Mesto"]
[Date "2013.08.14"]
[Round "7"]
[White "Smid, Jan"]
[Black "Kapusta, Petr"]
[Result "1/2-1/2"]
[WhiteElo "1948"]
[BlackElo "2139"]
[PlyCount "119"]
[EventDate "2013.08.09"]
[EventType "swiss"]
[EventRounds "10"]
[EventCountry "CZE"]
[SourceTitle "CBM 155 Extra"]
[Source "ChessBase"]
[SourceDate "2013.08.26"]
[SourceVersion "1"]
[SourceVersionDate "2013.08.26"]
[SourceQuality "1"]

1. Nf3 Nf6 2. g3 g6 3. Bg2 Bg7 4. c4 d5 5. cxd5 Nxd5 6. Nc3 Nxc3 7. bxc3 c5 8. 0-0 Nc6 9. Bb2 0-0 10. Qc2 e5 11. Ba3 Qa5 12. Bb2 Qb6 13. Rab1 Qa6 14. c4 e4 15. Ng5 Qxa2 16. Bxe4 Nd4 17. Bxd4 Qxc2 18. Bxc2 Bxd4 19. Be4 a5 20. Bxb7 Bxb7 21. Rxb7 a4 22. e3 Bg7 23. Nf3 a3 24. d4 cxd4 25. exd4 Rfd8 26. Ra1 g5 27. h3 h5 28. g4 hxg4 29. hxg4 Bxd4 30. Ra2 Bf6 31. c5 Rdc8 32. Rb3 Bb2 33. Nxg5 Ra4 34. f3 Rxc5 35. Ne4 Rc2 36. Rd3 Ra6 37. Kf1 Rh6 38. Rd2 Rxd2 39. Nxd2 Rh1+ 40. Ke2 Ra1 41. Rxa1 Bxa1 42. Kd3 a2 43. Nb3 Bh8 44. Ke4 a1Q 45. Nxa1 Bxa1 46. Kf5 Kg7 47. g5 Bb2 48. f4 Kf8 49. Kg4 Ke7 50. f5 Bh8 51. Kh5 Kd6 52. f6 Bxf6 53. gxf6 Ke5 54. Kg5 Ke6 55. Kg4 Kxf6 56. Kf4 Kg6 57. Kg4 f6 58. Kf4 Kg7 59. Kf5 Kf7 60. Kf4 1/2-1/2

[Event "Stare Mesto op"]
[Site "Stare Mesto"]
[Date "2013.08.11"]
[Round "4"]
[White "Smid, Jan"]
[Black "Tauber, Marek"]
[Result "0-1"]
[WhiteElo "1948"]
[BlackElo "2176"]
[PlyCount "60"]
[EventDate "2013.08.09"]
[EventType "swiss"]
[EventRounds "10"]
[EventCountry "CZE"]
[SourceTitle "CBM 155 Extra"]
[Source "ChessBase"]
[SourceDate "2013.08.26"]
[SourceVersion "1"]
[SourceVersionDate "2013.08.26"]
[SourceQuality "1"]

1. Nf3 Nf6 2. g3 d5 3. Bg2 g6 4. d4 Bg7 5. 0-0 0-0 6. Bg5 c5 7. Bxf6 Bxf6 8. c3 Qb6 9. Qd2 Nc6 10. e3 Rd8 11. dxc5 Qxc5 12. Nd4 e5 13. Nxc6 bxc6 14. b4 Qb6 15. Na3 a5 16. Nc2 axb4 17. cxb4 Ba6 18. Rfc1 Bb5 19. Bf1 d4 20. exd4 Bxf1 21. Kxf1 Qb5+ 22. Kg1 exd4 23. Ne1 d3 24. Rab1 Bg5 25. f4 Bf6 26. Rb3 Rxa2 27. Qxa2 d2 28. Rd1 Qe2 29. Qb1 Bd4+ 30. Kh1 Qf1# 0-1

[Event "Stare Mesto op"]
[Site "Stare Mesto"]
[Date "2012.08.12"]
[Round "4"]
[White "Splichal, Stanislav"]
[Black "Smid, Jan"]
[Result "1/2-1/2"]
[WhiteElo "2128"]
[BlackElo "1963"]
[PlyCount "45"]
[EventDate "2012.08.10"]
[EventType "swiss"]
[EventRounds "10"]
[EventCountry "CZE"]
[SourceTitle "CBM 149 Extra"]
[Source "ChessBase"]
[SourceDate "2012.08.24"]
[SourceVersion "1"]
[SourceVersionDate "2012.08.24"]
[SourceQuality "1"]

1. d4 d5 2. c4 e6 3. Nc3 Nf6 4. cxd5 Nxd5 5. e4 Nxc3 6. bxc3 c5 7. Nf3 cxd4 8. cxd4 Bb4+ 9. Bd2 Qa5 10. Rb1 Bxd2+ 11. Qxd2 Qxd2+ 12. Kxd2 0-0 13. Bc4 Nc6 14. Rhc1 Rd8 15. Ke3 Na5 16. Bd3 Bd7 17. Ne5 f6 18. Nc4 Nxc4+ 19. Bxc4 b6 20. Ba6 Bc8 21. Bb5 Bd7 22. Bc6 Rab8 23. f4 1/2-1/2

[Event "CZE-chT2E 1011"]
[Site "Czech Republic"]
[Date "2011.01.09"]
[Round "5.6"]
[White "Smid, Jan"]
[Black "Navratil, Josef2222"]
[Result "0-1"]
[WhiteElo "1998"]
[BlackElo "2053"]
[PlyCount "88"]
[EventDate "2010.10.17"]
[EventType "team-tourn"]
[EventRounds "11"]
[EventCountry "CZE"]
[SourceTitle "EXT 2012"]
[Source "ChessBase"]
[SourceDate "2011.11.24"]
[SourceVersion "1"]
[SourceVersionDate "2011.11.24"]
[SourceQuality "1"]
[WhiteTeam "Stare Mesto III"]
[BlackTeam "Veseli nad Moravou"]
[WhiteTeamCountry "CZE"]
[BlackTeamCountry "CZE"]

1. d4 Nf6 2. Bg5 Ne4 3. h4 h6 4. Bf4 d5 5. e3 c6 6. Nd2 Qa5 7. c3 Bf5 8. Nb3 Qb6 9. f3 Nd6 10. g4 Bh7 11. Bd3 Bxd3 12. Qxd3 Nd7 13. Ne2 e6 14. Ng3 Nc4 15. Qe2 a5 16. Rh2 Be7 17. Nc1 g6 18. b3 Nd6 19. Bxd6 Bxd6 20. f4 0-0-0 21. Nd3 f6 22. c4 c5 23. cxd5 exd5 24. Qc2 Kb8 25. Ne2 g5 26. dxc5 Nxc5 27. hxg5 hxg5 28. Rxh8 Rxh8 29. 0-0-0 Rc8 30. Kb1 Ne4 31. Qb2 Qxe3 32. fxg5 Qxe2 33. Qxe2 Nc3+ 34. Kb2 Nxe2 35. gxf6 Kc7 36. g5 Rg8 37. f7 Rxg5 38. Rf1 Bf8 39. Rf2 Ng3 40. Nf4 Kd6 41. Rg2 Ne4 42. Rc2 Rf5 43. Ng6 Rxf7 44. Rc8 Bg7+ 0-1

[Event "Stare Mesto op"]
[Site "Stare Mesto"]
[Date "2010.08.19"]
[Round "8"]
[White "Smid, Jan"]
[Black "Sojka, Ales"]
[Result "1/2-1/2"]
[WhiteElo "1979"]
[BlackElo "2149"]
[PlyCount "27"]
[EventDate "2010.08.13"]
[EventType "swiss"]
[EventRounds "10"]
[EventCountry "CZE"]
[SourceTitle "CBM 138 Extra"]
[Source "ChessBase"]
[SourceDate "2010.10.29"]
[SourceVersion "1"]
[SourceVersionDate "2010.10.29"]
[SourceQuality "1"]

1. d4 d5 2. Bg5 h6 3. Bh4 c5 4. dxc5 Nc6 5. c3 a5 6. e4 dxe4 7. Qxd8+ Kxd8 8. Na3 f6 9. 0-0-0+ Kc7 10. Nb5+ Kb8 11. Bg3+ e5 12. Nd6 Bxd6 13. cxd6 Be6 14. f4 1/2-1/2

[Event "Stare Mesto op"]
[Site "Stare Mesto"]
[Date "2010.08.15"]
[Round "4"]
[White "Smid, Jan"]
[Black "Jurasek, Miroslav"]
[Result "0-1"]
[WhiteElo "1979"]
[BlackElo "2322"]
[PlyCount "80"]
[EventDate "2010.08.13"]
[EventType "swiss"]
[EventRounds "10"]
[EventCountry "CZE"]
[SourceTitle "CBM 138 Extra"]
[Source "ChessBase"]
[SourceDate "2010.10.29"]
[SourceVersion "1"]
[SourceVersionDate "2010.10.29"]
[SourceQuality "1"]

1. Nf3 Nf6 2. g3 d5 3. Bg2 c6 4. 0-0 Bg4 5. Ne5 Bh5 6. d4 e6 7. c3 Nfd7 8. f4 Nxe5 9. fxe5 Qb6 10. Qe1 Nd7 11. Qf2 Be7 12. Nd2 Nxe5 13. h3 0-0 14. Nb3 Nd7 15. g4 Bg6 16. h4 Nf6 17. Bf3 Ne4 18. Bxe4 Bxe4 19. Bf4 a5 20. e3 a4 21. Nc5 Bxc5 22. dxc5 Qxc5 23. Qg3 Qb6 24. Rf2 f6 25. Bc7 Qb5 26. Bd6 Rf7 27. g5 Bf5 28. h5 fxg5 29. Qxg5 h6 30. Qg3 c5 31. Be5 Qc4 32. Rf4 Qe2 33. Rh4 a3 34. bxa3 Rxa3 35. Rh2 Qd3 36. Rg2 Ra4 37. Bf4 e5 38. Bxe5 Rg4 39. Qe1 Rxg2+ 40. Kxg2 Qe4+ 0-1

[Event "Stare Mesto op"]
[Site "Stare Mesto"]
[Date "2010.08.14"]
[Round "2"]
[White "Smid, Jan"]
[Black "Novotny, Michal"]
[Result "0-1"]
[WhiteElo "1979"]
[BlackElo "2237"]
[PlyCount "58"]
[EventDate "2010.08.13"]
[EventType "swiss"]
[EventRounds "10"]
[EventCountry "CZE"]
[SourceTitle "CBM 138 Extra"]
[Source "ChessBase"]
[SourceDate "2010.10.29"]
[SourceVersion "1"]
[SourceVersionDate "2010.10.29"]
[SourceQuality "1"]

1. Nf3 g6 2. g3 Bg7 3. Bg2 c5 4. c4 Nc6 5. Nc3 d6 6. d3 e5 7. Bd2 Nge7 8. Rb1 0-0 9. a3 Nd4 10. Nxd4 exd4 11. Nd5 Nxd5 12. Bxd5 Qe7 13. 0-0 Bg4 14. Bf3 Bxf3 15. exf3 Qd7 16. b4 Rfe8 17. bxc5 dxc5 18. Qb3 Re2 19. Rbd1 Rae8 20. Kg2 R8e6 21. Rfe1 Rxd2 22. Rxe6 Rxd1 23. Qxd1 Qxe6 24. Qa4 Qe2 25. Qb3 b6 26. h3 Qd2 27. a4 h5 28. f4 h4 29. gxh4 Bh6 0-1

[Event "CZE-ch U18 Girls/sf U18"]
[Site "Czech Republic"]
[Date "2008.??.??"]
[Round "3"]
[White "Nebehaj, Ondrej"]
[Black "Smid, Jan"]
[Result "1/2-1/2"]
[WhiteElo "1704"]
[BlackElo "1994"]
[PlyCount "60"]
[EventDate "2008.??.??"]
[EventType "swiss"]
[EventRounds "9"]
[EventCountry "CZE"]
[SourceTitle "EXT 2011"]
[Source "ChessBase"]
[SourceDate "2010.11.26"]
[SourceVersion "1"]
[SourceVersionDate "2010.11.26"]
[SourceQuality "1"]

1. c4 b6 2. Nc3 Nf6 3. d4 e6 4. e4 Bb7 5. Bg5 Be7 6. Bxf6 Bxf6 7. e5 Bg5 8. Nf3 0-0 9. Nxg5 Qxg5 10. h4 Qe7 11. Nb5 d6 12. Qh5 Be4 13. Qg5 f6 14. exd6 cxd6 15. Qf4 d5 16. Nc7 e5 17. dxe5 Qxc7 18. cxd5 Bxd5 19. Rc1 Qe7 20. Rh3 fxe5 21. Qa4 Qf7 22. f3 e4 23. Bc4 Bxc4 24. Rxc4 exf3 25. Rxf3 Qd7 26. Rxf8+ Kxf8 27. Rf4+ Ke7 28. Re4+ Kf6 29. Rf4+ Ke7 30. Re4+ Kf7 1/2-1/2

[Event "Stare Mesto op"]
[Site "Stare Mesto"]
[Date "2007.08.14"]
[Round "6"]
[White "Smid, Jan"]
[Black "Rotoni, Matteo"]
[Result "1/2-1/2"]
[WhiteElo "2005"]
[BlackElo "2074"]
[PlyCount "33"]
[EventDate "2007.08.10"]
[EventType "swiss"]
[EventRounds "10"]
[EventCountry "CZE"]
[SourceTitle "CBM 119 Extra"]
[Source "ChessBase"]
[SourceDate "2007.09.04"]
[SourceVersion "1"]
[SourceVersionDate "2007.09.04"]
[SourceQuality "1"]

1. e4 e6 2. d4 d5 3. Nd2 Be7 4. c3 c5 5. exd5 Qxd5 6. Ndf3 Nc6 7. Be3 cxd4 8. Nxd4 Nxd4 9. Qxd4 Qxd4 10. Bxd4 f6 11. Bb5+ Kf7 12. Ne2 e5 13. Be3 a6 14. Bc4+ Be6 15. Bxe6+ Kxe6 16. 0-0-0 Nh6 17. Bxh6 1/2-1/2

[Event "Stare Mesto op"]
[Site "Stare Mesto"]
[Date "2007.08.12"]
[Round "3"]
[White "Smid, Jan"]
[Black "Sosna, Jan"]
[Result "0-1"]
[WhiteElo "2005"]
[BlackElo "2383"]
[PlyCount "76"]
[EventDate "2007.08.10"]
[EventType "swiss"]
[EventRounds "10"]
[EventCountry "CZE"]
[SourceTitle "CBM 119 Extra"]
[Source "ChessBase"]
[SourceDate "2007.09.04"]
[SourceVersion "1"]
[SourceVersionDate "2007.09.04"]
[SourceQuality "1"]

1. e4 e5 2. Nf3 Nc6 3. Bb5 Nf6 4. d3 Bc5 5. 0-0 d6 6. h3 0-0 7. Nc3 Ne7 8. Bg5 Ng6 9. Bxf6 Qxf6 10. Nd5 Qd8 11. b4 Bb6 12. Nxb6 axb6 13. d4 Qf6 14. dxe5 dxe5 15. Bd3 Nf4 16. Kh2 Rd8 17. a3 c5 18. bxc5 bxc5 19. Qb1 Nxh3 20. Qb2 Re8 21. Bc4 Nf4 22. Rh1 Be6 23. Bb5 Bg4 24. Bxe8 Bxf3 25. Bxf7+ Qxf7 26. Qb3 Bxg2 27. Qxf7+ Kxf7 28. Rhd1 Bxe4 29. Re1 Ra4 30. f3 Bxc2 31. Rxe5 Rc4 32. Rae1 b5 33. Re7+ Kf6 34. Rb7 b4 35. axb4 Rxb4 36. Rc7 Ne6 37. Rc6 Bf5 38. Kg3 Rc4 0-1

[Event "Stare Mesto op"]
[Site "Stare Mesto"]
[Date "2007.08.10"]
[Round "1"]
[White "Smid, Jan"]
[Black "Zpevak, Pavel"]
[Result "0-1"]
[WhiteElo "2005"]
[BlackElo "2423"]
[PlyCount "50"]
[EventDate "2007.08.10"]
[EventType "swiss"]
[EventRounds "10"]
[EventCountry "CZE"]
[SourceTitle "CBM 119 Extra"]
[Source "ChessBase"]
[SourceDate "2007.09.04"]
[SourceVersion "1"]
[SourceVersionDate "2007.09.04"]
[SourceQuality "1"]

1. e4 c5 2. Nf3 Nc6 3. d4 cxd4 4. Nxd4 e6 5. c4 a6 6. Bd3 Qc7 7. Nxc6 dxc6 8. Nc3 Nf6 9. Qe2 e5 10. 0-0 Be7 11. h3 Nd7 12. Be3 0-0 13. Rac1 Nc5 14. Bb1 Ne6 15. Rfd1 Bc5 16. Bxc5 Nxc5 17. Qe3 Qe7 18. Ne2 a5 19. Qa3 b6 20. Nc3 Qg5 21. Ne2 Be6 22. Qc3 Rfd8 23. Ng3 g6 24. Bc2 h5 25. b3 Bd7 0-1

[Event "CZE-chT1E 0607"]
[Site "Czech Republic"]
[Date "2007.03.18"]
[Round "10.8"]
[White "Smid, Jan"]
[Black "Kratochvil, Karel"]
[Result "1-0"]
[WhiteElo "1982"]
[BlackElo "2112"]
[PlyCount "137"]
[EventDate "2006.10.15"]
[EventType "team"]
[EventRounds "11"]
[EventCountry "CZE"]
[SourceTitle "EXT 2008"]
[Source "ChessBase"]
[SourceDate "2007.11.25"]
[SourceVersion "1"]
[SourceVersionDate "2007.11.25"]
[SourceQuality "1"]

1. e4 c5 2. Nf3 d6 3. d4 cxd4 4. Nxd4 Nf6 5. Bd3 Nc6 6. Nxc6 bxc6 7. c4 g6 8. Nc3 Bg7 9. 0-0 0-0 10. Bg5 Rb8 11. Qc2 Qa5 12. Bd2 Qb6 13. b3 Ng4 14. h3 Ne5 15. Be2 f5 16. Be3 Qa5 17. Bd2 fxe4 18. Nxe4 Qc7 19. Ng3 c5 20. Bc3 Bb7 21. f4 Qc6 22. Bd1 Nxc4 23. Bf3 Ne3 24. Qe2 Bxc3 25. Bxc6 Bxc6 26. Kh2 Nxf1+ 27. Rxf1 Bf6 28. Re1 Rb4 29. Qe6+ Kh8 30. Ne4 Bg7 31. Qxe7 Re8 32. Qxd6 Bxe4 33. Qxc5 Rbb8 34. Qxa7 Rbd8 35. Qa4 Bc6 36. Rxe8+ Bxe8 37. Qa5 Bf6 38. Qb6 Kg7 39. a4 Bf7 40. a5 Rd2 41. Qc7 Rd3 42. b4 Bh4 43. Qe5+ Kh6 44. g4 Bd5 45. g5+ Kh5 46. Qe2+ Rf3 47. Kg2 Bf2 48. b5 Be1 49. Qd1 Ba8 50. Kh2 Bb4 51. a6 Kh4 52. Qd7 Rxf4 53. b6 Be4 54. b7 Bc5 55. Qxh7+ Kxg5 56. h4+ Kg4 57. Qd7+ Bf5 58. Qd1+ Kxh4 59. Qd2 Rf1 60. Qh6+ Kg4 61. Qh3+ Kg5 62. Qxf1 Bd6+ 63. Kg2 Be4+ 64. Kf2 Kf4 65. Ke2+ Ke5 66. Qa1+ Kf5 67. Qa5+ Kg4 68. Qa4 Kf5 69. Qxe4+ 1-0

[Event "CZE-chT U18 0506"]
[Site "Czech Republic"]
[Date "2006.04.22"]
[Round "?"]
[White "Nemcova, Karolina"]
[Black "Smid, Jan"]
[Result "1-0"]
[WhiteElo "1702"]
[BlackElo "1879"]
[PlyCount "105"]
[EventDate "2005.10.08"]
[EventType "team"]
[EventRounds "11"]
[EventCountry "CZE"]
[SourceTitle "EXT 2009"]
[Source "ChessBase"]
[SourceDate "2008.11.26"]
[SourceVersion "1"]
[SourceVersionDate "2008.11.26"]
[SourceQuality "1"]
[WhiteTeam "Praha Oaza"]
[BlackTeam "Stare Mesto"]
[WhiteTeamCountry "CZE"]
[BlackTeamCountry "CZE"]

1. e4 d5 2. exd5 Qxd5 3. Nc3 Qa5 4. d4 c6 5. Nf3 Bg4 6. Bc4 Nf6 7. 0-0 e6 8. Bf4 Be7 9. Qe2 0-0 10. Rfe1 Nbd7 11. h3 Bxf3 12. Qxf3 Nd5 13. Bxd5 cxd5 14. Nxd5 Bd8 15. Nc3 Bf6 16. Qxb7 Nb6 17. Qe4 Qb4 18. Rab1 Qxd4 19. Qxd4 Bxd4 20. Nb5 Bf6 21. c3 Nd5 22. Be5 a6 23. Nc7 Nxc7 24. Bxc7 Rac8 25. Be5 Bxe5 26. Rxe5 Rfd8 27. Kf1 Rd2 28. Ke1 Rcd8 29. Re2 R2d5 30. f3 g6 31. Kf2 Rb5 32. c4 Rc5 33. b3 a5 34. Rbe1 a4 35. Re5 Rc7 36. R5e3 Rd2+ 37. R3e2 Rd3 38. Rb1 Kf8 39. Rc2 Rd4 40. Ke3 e5 41. Rd2 Rh4 42. Rd5 Rb7 43. Rc5 f6 44. b4 Ke7 45. b5 Kd6 46. Rc6+ Kd7 47. Rd1+ Ke7 48. b6 f5 49. g3 f4+ 50. gxf4 Rxf4 51. Rd5 Rh4 52. c5 Rf4 53. Rxe5+ 1-0

[Event "SVK-ch"]
[Site "Trencianske Teplice"]
[Date "2005.??.??"]
[Round "1"]
[White "Giertli, Vladimir"]
[Black "Smid, Jan"]
[Result "1-0"]
[WhiteElo "2236"]
[BlackElo "1929"]
[PlyCount "99"]
[EventDate "2005.07.03"]
[EventType "swiss"]
[EventRounds "9"]
[EventCountry "SVK"]
[SourceTitle "EXT 2007"]
[Source "ChessBase"]
[SourceDate "2006.11.23"]
[SourceVersion "1"]
[SourceVersionDate "2006.11.23"]
[SourceQuality "1"]

1. e4 d5 2. d3 dxe4 3. dxe4 Qxd1+ 4. Kxd1 e5 5. Be3 Nf6 6. f3 Be6 7. Nd2 a6 8. h4 h5 9. Nh3 Nh7 10. Nc4 Nc6 11. c3 0-0-0+ 12. Kc2 Be7 13. Nf2 f5 14. g3 Nf6 15. Nd2 fxe4 16. Ndxe4 Nd5 17. Bd2 Rhf8 18. Be2 Bf5 19. Rae1 Bc5 20. Kc1 Bb6 21. Bg5 Nf6 22. Rd1 Rxd1+ 23. Rxd1 Nxe4 24. Nxe4 Be6 25. b3 Nb8 26. Kc2 Nd7 27. Be7 Re8 28. Ba3 Bf5 29. Bd3 g6 30. Rd2 Be3 31. Re2 Bh6 32. c4 Bf8 33. Bb2 Bd6 34. Bc3 Bxe4 35. Bxe4 Nf6 36. b4 c6 37. a4 Re6 38. c5 Bc7 39. Bd3 Nd7 40. Rg2 Rf6 41. Be4 b6 42. cxb6 Nxb6 43. Kb3 Nd5 44. Bd2 Bb6 45. Bg5 Re6 46. g4 Ne3 47. Bxe3 Bxe3 48. gxh5 gxh5 49. Bf5 Kd7 50. Rg6 1-0

[Event "Plzen op-B 9th"]
[Site "Plzen"]
[Date "2003.??.??"]
[Round "2"]
[White "Hanzal, Marek"]
[Black "Smid, Jan"]
[Result "1/2-1/2"]
[WhiteElo "1505"]
[BlackElo "1784"]
[PlyCount "78"]
[EventDate "2003.08.??"]
[EventType "swiss"]
[EventRounds "9"]
[EventCountry "CZE"]
[SourceTitle "EXT 2005"]
[Source "ChessBase"]
[SourceDate "2004.11.15"]
[SourceVersion "1"]
[SourceVersionDate "2004.11.15"]
[SourceQuality "1"]

1. e4 d6 2. d4 Nf6 3. Nc3 g6 4. Bd3 Bg7 5. Be3 0-0 6. Nf3 Ng4 7. Qd2 Nxe3 8. Qxe3 Nc6 9. 0-0 Bg4 10. d5 Nb4 11. h3 Bxf3 12. Qxf3 Nxd3 13. Qxd3 c5 14. Rab1 a6 15. Ne2 b5 16. c4 Qb6 17. b3 b4 18. f4 a5 19. Qe3 Qc7 20. f5 Qd7 21. fxg6 fxg6 22. Rf3 a4 23. Rbf1 Rxf3 24. Qxf3 Rf8 25. Qd3 Bf6 26. Nf4 Bd4+ 27. Kh1 axb3 28. axb3 Qa7 29. Ne6 Rxf1+ 30. Qxf1 Qa1 31. Qxa1 Bxa1 32. Kg1 Kf7 33. Kf2 Kf6 34. Ke3 g5 35. g3 h6 36. Kf3 Ke5 37. Ke3 Bc3 38. Nd8 Kf6 39. g4 Bb2 1/2-1/2

[Event "Plzen op-B 9th"]
[Site "Plzen"]
[Date "2003.??.??"]
[Round "8"]
[White "Rehak, Michal"]
[Black "Smid, Jan"]
[Result "1-0"]
[WhiteElo "1580"]
[BlackElo "1784"]
[PlyCount "45"]
[EventDate "2003.08.??"]
[EventType "swiss"]
[EventRounds "9"]
[EventCountry "CZE"]
[SourceTitle "EXT 2005"]
[Source "ChessBase"]
[SourceDate "2004.11.15"]
[SourceVersion "1"]
[SourceVersionDate "2004.11.15"]
[SourceQuality "1"]

1. e4 c5 2. Nc3 d6 3. f4 g6 4. Nf3 Bg7 5. d4 cxd4 6. Nxd4 Nc6 7. Be3 Qb6 8. Na4 Qa5+ 9. c3 Nf6 10. b4 Nxb4 11. Bb5+ Bd7 12. Bxd7+ Nxd7 13. cxb4 Qxb4+ 14. Kf2 b5 15. Rb1 Qxa4 16. Qxa4 bxa4 17. Nc6 Nb6 18. Bxb6 axb6 19. Rxb6 Kd7 20. Rc1 Bf6 21. Rb7+ Ke6 22. g4 h6 23. f5+ 1-0

[Event "Plzen op-B 9th"]
[Site "Plzen"]
[Date "2003.??.??"]
[Round "5"]
[White "Smid, Jan"]
[Black "Palkova, Katerina"]
[Result "1/2-1/2"]
[WhiteElo "1784"]
[BlackElo "1606"]
[PlyCount "61"]
[EventDate "2003.08.??"]
[EventType "swiss"]
[EventRounds "9"]
[EventCountry "CZE"]
[SourceTitle "EXT 2005"]
[Source "ChessBase"]
[SourceDate "2004.11.15"]
[SourceVersion "1"]
[SourceVersionDate "2004.11.15"]
[SourceQuality "1"]

1. e4 c5 2. Nf3 Nc6 3. d4 cxd4 4. c3 d5 5. exd5 Qxd5 6. cxd4 e6 7. Nc3 Bb4 8. Bd2 Bxc3 9. Bxc3 Nf6 10. b3 0-0 11. Be2 Rd8 12. 0-0 b6 13. Bc4 Qh5 14. Be2 Qd5 15. Bc4 Qh5 16. Qc2 Bb7 17. Rad1 Ne7 18. Ne5 Ng4 19. h3 Nxe5 20. dxe5 Nf5 21. Qe2 Qg6 22. Qg4 Qxg4 23. hxg4 Ne7 24. Rd6 Nd5 25. Bxd5 Bxd5 26. Bb4 Rac8 27. Rxd8+ Rxd8 28. Rc1 h6 29. Rc7 a6 30. Ra7 Ra8 31. Rxa8+ 1/2-1/2